Detalles MARC
| 000 -LÍDER |
| Campo fijo de descripción fija |
01216aam a2200325 i 4500 |
| 001 - NÚMERO DE CONTROL |
| Campo de control |
768714001 |
| 003 - IDENTIFICADOR DEL NÚMERO DE CONTROL |
| Campo de control |
CO-MdFUSB |
| 005 - FECHA Y HORA DE LA ULTIMA TRANSACCIÓN |
| control field |
20250522104309.0 |
| 007 - CAMPO FIJO DE DESCRIPCIÓN FIJA--INFORMACIÓN GENERAL |
| Campo fijo de descripción fija |
ta |
| 008 - ELEMENTOS DE LONGITUD FIJA -- INFORMACIÓN GENERAL |
| Campo fijo de descripción fija -- Información general |
250522t1980 be |||| |||| 00| 0 spa d |
| 040 ## - FUENTE DE CATALOGACIÓN |
| Agencia que realiza la transcripción |
CO-MdFUSB |
| 041 0# - CÓDIGO DE IDIOMA |
| Código de idioma para texto/pista de sonido o título separado |
spa |
| Código de idioma original |
eng |
| 082 04 - NÚMERO DE CLASIFICACIÓN DECIMAL DEWEY |
| Número de la edición del Dewey |
23 |
| Número de clasificación |
248.4 |
| Clave de autor-Numero de item |
I5974p |
| 110 1# - ASIENTO PRINCIPAL--NOMBRE CORPORATIVO |
| Nombre corporativo o de jurisdicción como elemento de entrada |
Instituto Internacional por Correspondencia (ICI) |
| 240 ## - TITULO UNIFORME |
| Título uniforme |
<a href="When you pray">When you pray</a> |
| 245 10 - TÍTULO |
| Título del Material |
Cuando oramos |
| Mención de responsabilidad, etc. |
/ Instituto Internacional por Correspondencia |
| 264 #1 - PRODUCCIÓN, PUBLICACIÓN, DISTRIBUCIÓN, MANUFACTURA, Y COPYRIGHT |
| Nombre del productor, publicador, distribuidor |
Instituto Internacional por Correspondencia, |
| Lugar de producción, publicación, distribución, manufactura |
Bruselas, Bélgica : |
| Fecha de producción, publicación, distribución, manufactura, o copyright |
[1980] |
| 264 #4 - PRODUCCIÓN, PUBLICACIÓN, DISTRIBUCIÓN, MANUFACTURA, Y COPYRIGHT |
| Fecha de producción, publicación, distribución, manufactura, o copyright |
©1980 |
| 300 ## - DESCRIPCIÓN FÍSICA |
| Extensión |
98 páginas |
| 336 ## - TIPO DE CONTENIDO |
| Término de tipo de contenido |
texto |
| Código de tipo de contenido |
txt |
| Fuente |
rdacontent |
| 337 ## - TIPO DE MEDIO |
| Fuente |
rdamedia |
| Nombre del tipo de medio |
sin mediación |
| Código del tipo de medio |
n |
| 338 ## - TIPO DE SOPORTE |
| Fuente |
rdacarrier |
| Nombre del tipo de soporte |
volumen |
| Código Tipo de soporte |
nc |
| 490 ## - MENCIÓN DE SERIE |
| Mención de serie |
Programa de Vida Cristiana, |
| 505 ## - NOTA DE CONTENIDO |
| Nota de contenido con formato preestablecido |
Cuando oramos, pensemos en Dios. -- Cuando oramos, acerquémonos a Dios. -- Cuando oramos, escuchemos a Dios. -- Cuando oramos, usemos la Palabra de Dios. -- Cuando oramos, pensemos en los demás. -- Cuando oramos, unámonos a otros. -- Cuando oramos, permitamos la ayuda del Espíritu Santo. |
| 563 ## - NOTA DE ENCUADERNACIÓN |
| Nota de encuadernación |
Rústico |
| 650 #7 - ASIENTO SECUNDARIO DE MATERIA - TERMINO TEMÁTICO |
| Término temático o nombre geográfico como elemento de entrada |
Oración |
| 9 (RLIN) |
86 |
| 650 #0 - ASIENTO SECUNDARIO DE MATERIA - TERMINO TEMÁTICO |
| Término temático o nombre geográfico como elemento de entrada |
Vida cristiana |
| 9 (RLIN) |
19 |
| 942 ## - TIPO DE MATERIAL (KOHA) |
| Tipo de Item KOHA |
Libros General |
| 945 ## - INFORMACIÓN LOCAL DEL REGISTRO |
| Catalogador |
JTF-925 |